000 00298 a2200121 4500
999 _c321822
_d321822
001 86749
003 NUST
005 20180123113001.0
008 180123b xxu||||| |||| 00| 0 eng d
082 _a891.4393 ASL
100 _aDr Aslam Farhi
_99606
245 _aMosam-e-Bahar Jasey Loug
_hUrdu
260 _aKarachi
_bShehrzad Publishers
_c2010
300 _a245p.
942 _aCAE NUST
_cBK
_k891.4393 ASL
_2ddc